| 000 | 00538nam a22001937a 4500 | ||
|---|---|---|---|
| 005 | 20250324094907.0 | ||
| 008 | 250324b |||||||| |||| 00| 0 eng d | ||
| 020 |
_a978-0593-51744-4 _cRs.1431.00 |
||
| 040 | _aLoreto College | ||
| 041 | _aEnglish | ||
| 082 |
_a153.94 _bTOE |
||
| 245 | _aTOEFL iBT Prep | ||
| 250 | _a18th ed. | ||
| 260 |
_aNew York _bThe Princeton Review _c©2024 |
||
| 300 |
_a563p. _b26cm. |
||
| 650 | _aCompetitive examination book-TOEFL | ||
| 850 | _aLCLIB | ||
| 942 | _cBK | ||
| 999 |
_c43948 _d94427 |
||